| 000 | 01226cab a2200253 i 4500 | ||
|---|---|---|---|
| 001 | 768714001 | ||
| 003 | CO-MdFUSB | ||
| 005 | 20240618062715.0 | ||
| 008 | 161108b1999 gt ||||| |||| 00| 0 spa d | ||
| 022 | _a1014-9341 | ||
| 040 |
_aCO-MdFUSB _bspa _cCO-MdFUSB _dCO-MdFUSB |
||
| 041 | _aspa | ||
| 100 | 1 |
_aOrme, John H. _eautor |
|
| 245 | 1 | 3 |
_aLa conversión de Pablo : _bpautas misionológicas _c/ John H. Orme |
| 300 |
_aNúmero 24 (Enero - Junio,1999), páginas 31-38 _c; 22 cm |
||
| 520 | _aDe la conversión de Pablo se puede derivar las siguientes pautas misionológicas para hoy. (1) El misionero eficaz conoce la cultura. (2) Se comunica bien en inglés (la lengua franca) y en el idioma de ministerio. (3) Predica el mensaje de la obra completa de Cristo, aunque éste inevitablemente tiene elementos que chocan con la cultura. (4) Basa su ministerio en el llamamiento divino. | ||
| 546 | _aTexto en Español | ||
| 600 | _yPablo, Apóstol. | ||
| 650 | 0 |
_aMisiones _9154 |
|
| 653 | _aApóstol Pablo | ||
| 773 | 0 |
_tKairós _049489 _961199 _gNúmero 24 (Enero - Junio,1999) páginas 31-38 _qPágina 31 |
|
| 773 | 0 |
_tKairós _049489 _981313 _gNúmero 24 (Enero - Junio,1999), páginas 31-38 _qPágina 31 |
|
| 942 | _cANA | ||
| 999 |
_c51220 _d51220 |
||